000 00522nam a2200193Ia 4500
005 20250326141734.0
008 250326s9999 xx 000 0 und d
020 _a92-64-13187-6
037 _aTextbook
040 _aFMSL
_beng
_cFMSL
041 _aeng
_2eng
084 _aX:8D M9
_qFMSL
100 _aPolak Jacques J
_9619847
245 0 _aFicial policies and development
_cPolak Jacques J
260 _aParis
_bParis, OECD
_c1989
300 _a234p
942 _cTB
_hX:8D M9
999 _c1291739
_d1291739